|
|
|
|
| LEADER |
00000nas a2200000 a 4500 |
| 001 |
ssj0009333 |
| 003 |
WaSeSS |
| 005 |
20200512172242.0 |
| 006 |
m d |
| 007 |
cr n |
| 008 |
990510c19819999cauar ss 0 a0eng c |
| 010 |
|
|
|a 2003215298
|
| 016 |
7 |
|
|a 1481486 -9
|2 DE-600
|
| 016 |
7 |
|
|a 1481486 9
|2 DE-600
|
| 022 |
|
|
|a 1545-4312
|l 0199-9885
|y 0199-9885
|
| 035 |
|
|
|a (WaSeSS)ssj0009333
|
| 037 |
|
|
|b Annual Reviews, 4139 El Camino Way, P.O. Box 10139, Palo Alto, CA 94303-0139
|
| 040 |
|
|
|a TMC
|b eng
|c TMC
|d EYM
|d OCLCQ
|d NSD
|d OCLCQ
|d UV$
|d SBH
|d LGG
|d OCLCQ
|d OCLCF
|d TWT
|d OCLCQ
|d OCLCO
|d DEFHM
|d OCLCO
|d OCLCA
|d WT2
|d OCLCQ
|d OCLCO
|d OCLCA
|d OCLCE
|d HVC
|d AU@
|d UAB
|d LIP
|d XFH
|d DHU
|d OSU
|d VT2
|d BUF
|d OCLCA
|d OCLCQ
|d OCLCO
|d OCLCA
|d U3W
|d OCLCA
|d NJT
|d OCLCA
|d OCLCQ
|d OCLCO
|d OCLCA
|d WaSeSS
|
| 042 |
|
|
|a nsdp
|a pcc
|
| 050 |
1 |
4 |
|a QP141.A1
|b A64
|
| 082 |
1 |
0 |
|a 613.2
|2 13
|
| 210 |
0 |
|
|a Annu. rev. nutr.
|b (Online)
|
| 222 |
|
0 |
|a Annual review of nutrition
|b (Online)
|
| 245 |
0 |
0 |
|a Annual review of nutrition
|h [electronic resource].
|
| 260 |
|
|
|a Palo Alto, Calif. :
|b Annual Reviews
|
| 310 |
|
|
|a Annual
|
| 362 |
1 |
|
|a Print began in 1981.
|
| 506 |
|
|
|a License restrictions may limit access.
|
| 538 |
|
|
|a Mode of access: World Wide Web.
|
| 538 |
|
|
|a Master and use copy. Digital master created according to Benchmark for Faithful Digital Reproductions of Monographs and Serials, Version 1. Digital Library Federation, December 2002.
|u http://purl.oclc.org/DLF/benchrepro0212
|5 MiAaHDL
|
| 583 |
1 |
|
|a digitized
|c 2010
|h HathiTrust Digital Library
|l committed to preserve
|2 pda
|5 MiAaHDL
|
| 588 |
0 |
|
|a Vol. 20 (2000); title from title screen of HTML (viewed June 30, 2003).
|
| 588 |
0 |
|
|a Print version record.
|
| 650 |
|
0 |
|a Nutrition
|v Periodicals.
|
| 650 |
|
2 |
|a Nutrition
|
| 650 |
|
2 |
|a Nutritional Physiological Phenomena.
|
| 650 |
|
6 |
|a Alimentation
|v Périodiques.
|
| 650 |
|
6 |
|a Nutrition
|v Périodiques.
|
| 650 |
|
7 |
|a Nutrition.
|2 fast
|0 (OCoLC)fst01042187
|
| 650 |
|
7 |
|a Ernährung
|2 gnd
|
| 650 |
|
7 |
|a Tierernährung
|2 gnd
|
| 650 |
|
7 |
|a Zeitschrift
|2 gnd
|
| 650 |
|
7 |
|a Online-Ressource
|2 gnd
|
| 650 |
|
7 |
|a Physiologie
|2 gnd
|
| 650 |
|
7 |
|a Diätetik
|2 gnd
|
| 650 |
1 |
7 |
|a Voedingsleer.
|2 gtt
|
| 655 |
|
0 |
|a Electronic journals.
|
| 658 |
|
|
|a Nutrition ejournals.
|2 local
|
| 776 |
0 |
8 |
|i Print version:
|t Annual review of nutrition
|x 0199-9885
|w (DLC) 81643491
|w (OCoLC)6307740
|
| 856 |
4 |
0 |
|z Full text available from Research Library: 01/01/1997 to 08/31/2005
|u https://search.proquest.com/publication/49287
|